| 000 | 00617nam a2200157 a 4500 | ||
|---|---|---|---|
| 008 | 150417s2013 xx |||||||||||||| || u | ||
| 050 | _aCUT(058)AR/2013 | ||
| 100 | _aChinhoyi University of Technology | ||
| 245 | 1 | 0 |
_aChinhoyi University of Technology Annual Report 2013 _cBy Chinhoyi University of Technology |
| 260 | _c2013 | ||
| 300 | _a94p.: ill. | ||
| 650 | _aMANAGEMENT RESULTS | ||
| 650 | _aFINANCIAL REPORTS | ||
| 650 | _aCHINHOYI UNIVERSITY OF TECHNOLOGY--ZIMBABWE | ||
| 995 |
_FCBU-MAIN LIBRARY (Kitwe) _M1 _UAVAILABLE _WApr 17, 2015 _ZUniversity Collection |
||
| 999 |
_c37338 _d37338 |
||